| 000 | 00453nam a2200169Ia 4500 | ||
|---|---|---|---|
| 008 | 230711s9999||||xx |||||||||||||| ||und|| | ||
| 020 | _a978-81-85731-71-1 | ||
| 041 | _aENG | ||
| 082 |
_a615.19 _bRA-I |
||
| 100 | _aGundu Rao.P | ||
| 245 | 0 |
_aInorganic Pharmaceutical Chemistry _bPharmaceutical and Medical Inorganic Chemistry |
|
| 250 | _a1st Ed. | ||
| 260 |
_c2017 _aDelhi _bVallabh Prakashan |
||
| 300 | _a486p. | ||
| 650 | _aPharmacy | ||
| 942 | _cBK | ||
| 999 |
_c7244 _d7244 |
||